000 00299nam a22001337a 4500
008 170502b xxu||||| |||| 00| 0 eng d
020 _a9780314040817
041 _aeng
080 _24 ED
_a34
100 _a13
101 _aSHJ
245 _aMASS COMUNICATION LAW
_cCARTER.T.B
942 _2udc
_cBK
999 _c12453
_d12453